UM Logo

Health and home. (Record no. 5895)

MARC details
000 -LEADER
fixed length control field 00370nam a22001217a 4500
008 - FIXED-LENGTH DATA ELEMENTS--GENERAL INFORMATION
fixed length control field 161126b xxu||||| |||| 00| 0 eng d
022 ## - INTERNATIONAL STANDARD SERIAL NUMBER
International Standard Serial Number 01150839
082 ## - DEWEY DECIMAL CLASSIFICATION NUMBER
Edition number Jan-Dec 2005 v. 46, n. 1-6
Classification number DPer 613.05
Item number H34
245 ## - TITLE STATEMENT
Title Health and home.
260 ## - PUBLICATION, DISTRIBUTION, ETC. (IMPRINT)
Place of publication, distribution, etc. Caloocan City:
Name of publisher, distributor, etc. Phil. Publishing House,
Date of publication, distribution, etc. c2005.
300 ## - PHYSICAL DESCRIPTION
Extent 1 volume:
Other physical details color illustrations,
Dimensions 27 cm.
942 ## - ADDED ENTRY ELEMENTS (KOHA)
Source of classification or shelving scheme Dewey Decimal Classification
Koha item type Periodicals
Holdings
Withdrawn status Lost status Source of classification or shelving scheme Materials specified (bound volume or other part) Damaged status Not for loan Collection code Home library Current library Date acquired Total Checkouts Full call number Barcode Date last seen Price effective from Koha item type Public note
    Dewey Decimal Classification Vol. 46, No. 1-6     Periodicals UM Digos College - LIC UM Digos College - LIC 07/27/2009   DPer 613.05 H34 Jan-Dec 2005 v. 46, n. 1-6 00041 06/08/2021 11/26/2016 Periodicals Bound periodical